1504 1344 1842 1376 1775 1576 1883 1738 1273 1469 1909 1096 1307 1042 1268 1937 1023 1488 1456 1592 1488 1335 1310 1320 1998 1669 1620 1181 1004 1962 1431 1044 1178 1321 1397 1865 1081 1255 1271 1975 1365 1176 1408 1912 1581 1687 1771 1468 1264 1582 1703 1546 1646 1175 1377 1187 1794 1727 1721 1616 1510 1314 1033 1229 1572 1959 1257 1057 1306 1821 1383 1425 1370 1378 1790 1393 1296 1581 1490 1627 1621 1335 1089 1782 1626 1078 1610 1185 1655 1071 1558 1744 1171 1183 1135 1723 1395 1635 1452 BCNSPRNW ULIB Ver.6.0+V

เปลี่ยนเป็นภาษาไทย

Change to English
 แสดงรายละเอียดบรรณานุกรม
  กลับหน้าหลัก

Brief Record : Get Marc (ISO 2709) : E-mail record : QR code < ปิดหน้าต่าง
LEADER : 00000nam 2200000uu 4500
001    13399121313
003     ULIB
008    110304s2549||||th 000 0 tha d
060 04 WY152^bศ471ก
100 0  ศิริมา วงศ์แหลมทอง
245 10 การพยาบาลผู้สูงอายุ /^cศิริมา วงศ์แหลมทอง
250    พิมพ์ครั้งที่ 1
260    นครสวรรค์ :^bวิทยาลัยพยาบาลบรมราชชนนี สวรรค์ประชารักษ์ นครสวรรค์,^c2549
300    147 หน้า ;^c26 ซม.
650  7 การพยาบาลผู้สูงอายุ
650  7 ผู้สูงอายุ^xการดูแล
710 2  สถาบันพระบรมราชชนก. ^bวิทยาลัยพยาบาลบรมราชชนนี สวรรค์ประชารักษ์ นครสวรรค์
945    ^p0^l0^i033079
995    ทศพร
999 ^a ใช้งานได้ทุกระบบ
รายการนี้ยังไม่มีแท็ก
คุณยังไม่ได้ล็อกอิน คุณสามารถมีกิจกรรมร่วมกับเว็บไซต์ได้ แต่ต้องล็อกอินก่อน ::
  ล็อกอิน

รายการสื่อสารสนเทศ

ลำดับที่ ประเภท เลขเรียก/บาร์โค้ด สถานที่ สถานะ
1. วิทยาศาสตร์การแพทย์ และสุขภาพ
วิทยาศาสตร์การแพทย์ และสุขภาพ
WY152 ศ471ก ฉ.1 
  Barcode: 033079
ห้องสมุดวิทยาเขตสวรรค์ประชารักษ์
►หนังสือทั่วไป
บนชั้น

รายการใกล้เคียง
    ผู้แต่ง [ศิริมา วงศ์แหลมทอง]

    หัวเรื่อง [การพยาบาลผู้สูงอายุ]
    หัวเรื่อง [ผู้สูงอายุ การดูแล]

BibComment


ยังไม่เคยถูกคอมเมนท์

คอมเมนท์ทรัพยากรรายการนี้
  คอมเมนท์: การพยาบาลผู้สูงอา..


 Copyright 2026. Bcnsprnw @Library